| 000 | 00789nam a2200217Ia 4500 | ||
|---|---|---|---|
| 003 | GCL | ||
| 008 | 140319s9999 xx 000 0 ara d | ||
| 040 |
_aGCL / _cGCL |
||
| 082 | 0 | 4 |
_a321.4 _bم ص |
| 100 | 1 | _aالمنظمة العربية لحقوق الانسان | |
| 245 | 1 | 0 |
_aصناعة القرار فى الوطن العربى فى ضوء الشرعية الديمقراطية / _cالمنظمة العربية لحقوق الانسان |
| 260 |
_a[S.N] : _bدار المستقبل العربى ، _c1993 |
||
| 300 | _a116 ص | ||
| 490 |
_aالندوات الفكرية _v0 |
||
| 650 | 0 | 4 | _aالعالم العربى |
| 650 | 0 | 4 | _aاليمن |
| 650 | 0 | 4 | _aالديمقراطية |
| 650 | 0 | 4 | _aحرب الخليج |
| 650 | 0 | 4 | _aاتخاذ القرارات |
| 942 |
_2ddc _cBK |
||
| 999 |
_c29994 _d29994 |
||